000
00347nam a2200145Ia 4500
008
221030s9999 xx 000 0 und d
041
_a
English
082
_a
105.23
100
_a
S. B. Junnarkar
245
0
_a
Elements of Applied Mechanics
_c
by S. B. Junnarkar, H. J. Shah
260
_c
0
650
_a
B
700
_a
H. J. Shah
942
_c
BK
999
_c
13253
_d
13253